| 000 | 00993cam a22003015i 4500 | ||
|---|---|---|---|
| 003 | EG-ScBUE | ||
| 005 | 20251210092601.0 | ||
| 008 | 910830r20041992enka f 001 0 eng d | ||
| 020 | _a0198556608 | ||
| 020 | _a9780198556602 | ||
| 040 |
_aEG-ScBUE _beng _erda _cEG-ScBUE _dEG-ScBUE |
||
| 082 | 0 | 4 |
_a547.59 _222 _bDAV |
| 100 | 1 |
_a Davies, David T., _eauthor. |
|
| 245 | 1 | 0 |
_aAromatic heterocyclic chemistry / _cDavid T. Davies, SmithKline Beecham Pharmaceuticals, Harlow, Essex. |
| 250 | _aReprint edition. | ||
| 264 | 1 |
_aOxford : _bOxford University Press, _c2004. |
|
| 300 |
_a88 pages : _billustrations ; _c25 cm. |
||
| 336 |
_2rdacontent _atext _btxt |
||
| 337 |
_aunmediated _2rdamedia _bn |
||
| 338 |
_avolume _bnc _2rdacarrier |
||
| 490 | 0 |
_aOxford chemistry primers ; _v2 |
|
| 500 | _aReprinted of 1992 edition. | ||
| 500 | _aIncludes index. | ||
| 650 | 7 |
_aHeterocyclic chemistry. _2BUEsh _939611 |
|
| 653 |
_bGGEN _cFebruary2018 |
||
| 655 | _vReading book | ||
| 942 |
_2ddc _cBB |
||
| 999 |
_c26121 _d26093 |
||